[Event "Norman Weasel op"]
[Site "Norman"]
[Date "2004.06.26"]
[Round "1"]
[White "Abraham, Eric"]
[Black "Unruh, Chuck D"]
[Result "0-1"]
[WhiteElo "1803"]
[BlackElo "2145"]
[PlyCount "92"]
[EventDate "2004.06.26"]
[EventType "swiss"]
[EventRounds "5"]
[EventCountry "USA"]
[EventCategory "1"]
[SourceTitle "EXT 2006"]
[Source "ChessBase"]
[SourceDate "2005.11.24"]
[SourceVersion "1"]
[SourceVersionDate "2005.11.24"]
[SourceQuality "1"]

1. c4 Nf6 2. g3 g6 3. Bg2 Bg7 4. Nc3 0-0 5. d3 d6 6. e4 c6 7. Nge2 a5 8. 0-0 Na6 9. h3 Bd7 10. f4 Rb8 11. g4 b5 12. cxb5 cxb5 13. Ng3 b4 14. Nce2 Bb5 15. g5 Nd7 16. d4 d5 17. e5 e6 18. h4 h5 19. gxh6 Bxh6 20. h5 Rc8 21. Kf2 Kg7 22. Rh1 Rh8 23. Ng1 Qc7 24. Qg4 Qc2+ 25. N1e2 Bxe2 26. Nxe2 Qf5 27. Qxf5 gxf5 28. a3 b3 29. a4 Nb4 30. Rh3 Nc2 31. Rb1 Rc4 32. Rxb3 Nxd4 33. Nxd4 Rxd4 34. Kf3 Nc5 35. Rb5 Ne4 36. Rxa5 Rc8 37. Be3 Rd3 38. Bf1 Nd2+ 39. Ke2 Rxe3+ 40. Kxd2 Bxf4 41. Kd1 Rg3 42. b4 Rg1 43. Ke1 Rc2 44. b5 Ra2 45. b6 Bg3+ 46. Kd1 Rxf1# 0-1

[Event "Norman OU April Op"]
[Site "Norman"]
[Date "2004.04.03"]
[Round "2"]
[White "Abraham, Eric"]
[Black "Sulman, Robert M"]
[Result "1/2-1/2"]
[WhiteElo "1770"]
[BlackElo "2214"]
[PlyCount "116"]
[EventDate "2004.04.03"]
[EventType "swiss"]
[EventRounds "5"]
[EventCountry "USA"]
[EventCategory "1"]
[SourceTitle "EXT 2006"]
[Source "ChessBase"]
[SourceDate "2005.11.24"]
[SourceVersion "1"]
[SourceVersionDate "2005.11.24"]
[SourceQuality "1"]

1. c4 e5 2. g3 Nc6 3. Bg2 d6 4. Nc3 Be6 5. d3 Qd7 6. e4 g6 7. Nd5 Bg7 8. Ne2 0-0-0 9. 0-0 Bh3 10. b4 h5 11. f3 Bxg2 12. Kxg2 h4 13. Rh1 f5 14. Rb1 Rf8 15. b5 fxe4 16. dxe4 h3+ 17. Kf2 Qf7 18. Qd3 Nd8 19. Rf1 Ne6 20. Kg1 Nc5 21. Qa3 Kb8 22. Be3 Rc8 23. Nec3 Bh6 24. Bxh6 Nxh6 25. Na4 Ne6 26. b6 axb6 27. Rf2 Rhf8 28. Rff1 Rcd8 29. Nac3 Nd4 30. Nb5 Nxb5 31. cxb5 Nf5 32. Rbc1 Nd4 33. Rxc7 Nxb5 34. Rxf7 Nxa3 35. Rxf8 Rxf8 36. Rf2 b5 37. f4 exf4 38. gxf4 Re8 39. f5 gxf5 40. exf5 Nc4 41. Rf3 Kc8 42. Rxh3 Kd8 43. Rh7 Re5 44. Nb4 Rxf5 45. Rxb7 Rg5+ 46. Kf2 Rh5 47. Kg3 Kc8 48. Rg7 Nd2 49. h4 Ne4+ 50. Kg4 Nf6+ 51. Kg3 Rc5 52. Rg6 Rc3+ 53. Kg2 Rc4 54. Rxf6 Rxb4 55. Rxd6 Rxh4 56. Rd5 Rb4 57. Kf3 Kc7 58. Ke3 Kc6 1/2-1/2